000 00263 a2200073 4500
245 0 _aTheorie et technique de la transmission des donnees :
_bNotions fondamentales /
_cClavier Jacques.
_ntom 1
710 2 _aMasson.
_eWydawca
_4pbl
260 _aParis :
_bMasson,
_c1972.
300 _a314 s.;
_c25 cm.
999 _c12913
_d12913